Enseigner la démocratie : Nouveaux enjeux, nouveaux défis (notice n° 2198100)

détails MARC
000 -LEADER
fixed length control field 01582cam a2200133 4500500
005 - DATE AND TIME OF LATEST TRANSACTION
control field 20260405085512.0
041 ## - LANGUAGE CODE
Language code of text/sound track or separate title fre
042 ## - AUTHENTICATION CODE
Authentication code dc
100 10 - MAIN ENTRY--PERSONAL NAME
Personal name Loeffel, Laurence
Relator term author
245 00 - TITLE STATEMENT
Title Enseigner la démocratie : Nouveaux enjeux, nouveaux défis
260 ## - PUBLICATION, DISTRIBUTION, ETC.
Name of publisher, distributor, etc. Armand Colin,<br/>
Date of publication, distribution, etc. 2009.<br/>
520 ## - SUMMARY, ETC.
Summary, etc. L’éducation du citoyen demeure l’une des missions prioritaires de l’école, et reste, à bien des égards, une urgence démocratique. Si l’impératif démocratique s’impose aujourd’hui comme un nouveau mot d’ordre dans l’éducation scolaire, il engage aussi des bouleversements culturels profonds susceptibles de malmener plus ou moins les traditions et les héritages. Il s’impose de clarifier les enjeux actuels de l’éducation à la citoyenneté et de comprendre les nouveaux défis auxquels elle nous confronte.Comment les enseignants affrontent-ils ces nouveaux défis&amp;#8239;? Quelles difficultés et quelles questions posent les pratiques officiellement encouragées comme le débat argumenté ou des pratiques plus innovantes comme les conseils d’élèves&amp;#8239;? Quels enseignements tirer de ce qui se fait dans d’autres pays&amp;#8239;?Cet ouvrage propose les repères nécessaires pour faire évoluer les conceptions et les pratiques, là où l’école et les enseignants français sont peu à l’aise, manquent d’outils pédagogiques et didactiques, là où les crispations et les malentendus sont nombreux.
856 41 - ELECTRONIC LOCATION AND ACCESS
Uniform Resource Identifier <a href="https://shs.cairn.info/enseigner-la-democratie--9782200350659?lang=fr&redirect-ssocas=7080">https://shs.cairn.info/enseigner-la-democratie--9782200350659?lang=fr&redirect-ssocas=7080</a>

Pas d'exemplaire disponible.

PLUDOC

PLUDOC est la plateforme unique et centralisée de gestion des bibliothèques physiques et numériques de Guinée administré par le CEDUST. Elle est la plus grande base de données de ressources documentaires pour les Étudiants, Enseignants chercheurs et Chercheurs de Guinée.

Adresse

627 919 101/664 919 101

25 boulevard du commerce
Kaloum, Conakry, Guinée

Réseaux sociaux

Powered by Netsen Group @ 2025